Nuevas perspectivas en psicología del desarrollo: un enfoque histórico crítico
Guardat en:
| Autor principal: | |
|---|---|
| Format: | Llibre |
| Idioma: | espanyol |
| Publicat: |
Madrid
Alianza
1995
|
| Col·lecció: | Psicología Minor, 13
|
| Matèries: | |
| Etiquetes: |
Afegir etiqueta
Sense etiquetes, Sigues el primer a etiquetar aquest registre!
|
MARC
| LEADER | 00000nam a2200000 a 4500 | ||
|---|---|---|---|
| 001 | UCN0942 | ||
| 003 | CL-VaPUC | ||
| 008 | 010406e19950000SP |||||||||||||||||spa|d | ||
| 082 | 0 | 4 | |a 155 |b PER |2 21 |
| 100 | 0 | |a Pérez Pereira, Miguel |e author |9 456325 | |
| 245 | 1 | 0 | |a Nuevas perspectivas en psicología del desarrollo: un enfoque histórico crítico |
| 300 | |a 280 p | ||
| 942 | |c BK | ||
| 945 | |d 20010406 00:00:00 |a vberengu | ||
| 260 | |a Madrid |b Alianza |c 1995 | ||
| 650 | 0 | |a Psicología del desarrollo |9 307541 | |
| 650 | 0 | |a Psicología del niño |9 307305 | |
| 650 | 0 | |a Psicología evolutiva |9 271069 | |
| 583 | |a last modification |c 20010406 00:00:00 |k Rodrigo Vera | ||
| 490 | 0 | |a Psicología Minor, 13 | |
| 999 | |c 294554 |d 294552 | ||
| 952 | |0 0 |1 0 |4 0 |6 155_000000000000000_PER_1995 |7 0 |8 A |9 347050 |a FDOPOS |b FDOPOS |d 2019-11-20 |i 3700798 |o 155 PER 1995 |p 3700798 |r 2025-01-22 |w 2019-11-20 |y BK |k MLA | ||